Be Alright - Dean Lewis (All lyrics) - Statistics

General Stats
  • This quiz has been taken 32 times
  • The average score is 301 of 367
Answer Stats
Parole % Correct
me
100%
a
94%
alright
94%
be
94%
go
94%
her
94%
I
94%
know
94%
love
94%
the
94%
The
94%
To
94%
to
94%
You
94%
you
94%
and
89%
And
89%
away
89%
but
89%
But
89%
doesn't
89%
everything
89%
feel
89%
friend
89%
It
89%
it
89%
It'll
89%
it's
89%
It's
89%
let
89%
Let
89%
mate
89%
matter
89%
my
89%
on
89%
over
89%
phone
89%
put
89%
said
89%
say
89%
So
89%
your
89%
easy
83%
face
83%
for
83%
from
83%
just
83%
look
83%
mate's
83%
never
83%
not
83%
of
83%
see
83%
tell
83%
They
83%
they
83%
walk
83%
were
83%
weren't
83%
you're
83%
all
78%
cigarettes
78%
counter
78%
eyes
78%
friend's
78%
fucking
78%
hand
78%
head
78%
him
78%
messages
78%
right
78%
stay
78%
that
78%
time
78%
when
78%
with
78%
back
72%
betrayal
72%
can't
72%
cold
72%
colour
72%
draining
72%
fact
72%
feeling
72%
hide
72%
hurt
72%
kissed
72%
made
72%
mistake
72%
moving
72%
pull
72%
sent
72%
shake
72%
something
72%
voice
72%
was
72%
yesterday
72%
again
67%
at
67%
dumb
67%
find
67%
gonna
67%
ground
67%
mind
67%
okay
67%
reach
67%
seem
67%
should
67%
start
67%
then
67%
there's
67%
tremble
67%
up
67%
want
67%
wasn't
67%
what's
67%
wonder
67%
you'd
67%
another
61%
begins
61%
bit
61%
break
61%
could
61%
deleted
61%
fine
61%
forget
61%
let's
61%
past
61%
sad
61%
tells
61%
tonight
61%
trying
61%
You'll
61%
you'll
61%
like
56%
teary
56%
bottoms
50%
nothing
50%
gone
44%
heals
44%
steal
44%
born
39%
touched
39%
still
33%
yeah
33%
het
0%
No matching quizzes found
Score Distribution
Percent of People with Each Score
Percentile by Number Answered
Your Score History
You have not taken this quiz